|
|
|
|
| LEADER |
00000nas a2200000 a 4500 |
| 001 |
ssj0007801 |
| 003 |
WaSeSS |
| 005 |
20200512172242.0 |
| 006 |
m d |
| 007 |
cr n |
| 008 |
950123c19969999mduqr p s 0 a0eng c |
| 010 |
|
|
|a sn 95007066
|z 2002227122
|
| 016 |
7 |
|
|a 1480671-x
|2 DE-600
|
| 022 |
|
|
|a 1080-6539
|l 0300-7162
|y 0300-7162
|
| 035 |
|
|
|a (WaSeSS)ssj0007801
|
| 037 |
|
|
|b Johns Hopkins University Press, P.O. Box 19966, Baltimore, MD 21211
|c $59.40
|
| 040 |
|
|
|a NSD
|b eng
|c NSD
|d OCL
|d GUA
|d WAU
|d IUL
|d OCL
|d IUL
|d OCL
|d GUA
|d NSD
|d OCLCQ
|d MUQ
|d OCLCQ
|d OCLCO
|d OCLCQ
|d OCLCF
|d OCLCQ
|d DEBBG
|d OCLCA
|d AU@
|d VT2
|d NJT
|d WaSeSS
|
| 042 |
|
|
|a pcc
|a nsdp
|
| 050 |
1 |
4 |
|a PN80
|b .D5
|
| 082 |
1 |
0 |
|a 805
|2 13
|
| 130 |
0 |
|
|a Diacritics (Online)
|
| 210 |
0 |
|
|a Diacritics
|b (Online)
|
| 222 |
|
0 |
|a Diacritics
|b (Online)
|
| 245 |
1 |
0 |
|a Diacritics
|h [electronic resource].
|
| 260 |
|
|
|a Baltimore, Md. :
|b Johns Hopkins University Press,
|c ©1996-
|
| 310 |
|
|
|a Quarterly
|
| 362 |
0 |
|
|a 26.1 (spring 1996)-
|
| 500 |
|
|
|a Title from title screen.
|
| 506 |
|
|
|a License restrictions may limit access.
|
| 538 |
|
|
|a Mode of access: World Wide Web.
|
| 588 |
|
|
|a Latest issue consulted: 26.2 (summer 1996).
|
| 650 |
|
0 |
|a Criticism
|v Periodicals.
|
| 650 |
|
6 |
|a Critique
|v Périodiques.
|
| 650 |
|
7 |
|a Criticism.
|2 fast
|0 (OCoLC)fst00883735
|
| 655 |
|
0 |
|a Electronic journals.
|
| 776 |
1 |
|
|t Diacritics
|x 0300-7162
|w (DLC) 76645621
|w (OCoLC)832096
|
| 856 |
4 |
0 |
|z Full text available from Research Library: 04/01/1996 to 1 year ago
|u https://search.proquest.com/publication/48939
|